| 000 | 01815cam a22003617i 4500 | ||
|---|---|---|---|
| 999 |
_c12313 _d12313 |
||
| 003 | OSt | ||
| 005 | 20240117115425.0 | ||
| 008 | 230921t20212021gw abcd b 000 0 eng d | ||
| 010 | _a 2022439650 | ||
| 020 |
_a9783836578172 _q(hardbound) |
||
| 043 | _ae------ | ||
| 082 | 0 | 4 |
_a720.473 _223 _bMAS |
| 100 | 1 |
_aMastenbroek, Bjarne, _eauthor. |
|
| 245 | 1 | 0 |
_aDig it! : _bbuilding bound to the ground / _cBjarne Mastenbroek, Esther Mecredy, SeARCH, Iwan Baan. |
| 246 | 3 | 0 | _aBuilding bound to the ground |
| 300 |
_a1390 pages : _billustrations (chiefly color), charts, maps, plans, portraits ; _c27 cm |
||
| 504 | _aIncludes bibliographical references (pages 1383-1387). | ||
| 505 | 0 | _aNature's lack of design : Introduction ; Timeline ; From cave to canopy ; The ritualization of life ; Domesticating nature ; From shelter to shed ; From compound to community ; Establishing order ; Middle-Age fortifications ; The age of gunpowder ; From public space to private icon ; The city in the garden ; 1964: a pivotal moment ; From dichotomy to holism ; Constructing nature -- Building bound to the ground : Atlas of case studies ; Index of case studies ; Bury ; Embed ; Absorb ; Spiral ; Carve ; Mimic. | |
| 650 | 0 | _aUnderground architecture. | |
| 650 | 0 |
_aArchitecture _xEnvironmental aspects. |
|
| 650 | 0 |
_aSustainable architecture _zEurope. |
|
| 650 | 6 | _aArchitecture souterraine. | |
| 650 | 6 |
_aArchitecture _xAspect de l'environnement. |
|
| 650 | 6 |
_aArchitecture durable _zEurope. |
|
| 650 | 7 |
_aArchitecture _xEnvironmental aspects _2fast |
|
| 650 | 7 |
_aSustainable architecture _2fast |
|
| 650 | 7 |
_aUnderground architecture _2fast |
|
| 651 | 7 |
_aEurope _2fast |
|
| 700 | 1 |
_aMecredy, Esther, _eauthor. |
|
| 700 | 1 |
_aBaan, Iwan, _d1975- _ephotographer. |
|
| 710 | 2 |
_aSeARCH (Firm), _econtributor. |
|
| 942 | _2ddc | ||